000 00404nam a22001577a 4500
008 240223b ||||| |||| 00| 0 eng d
020 _a9789391096663
041 _aeng
082 _a910.285
_bKUR
100 _aKumar Sanjay
245 _aRemote Sensing Techniques for Geo Information Systems
260 _aJaipur
_bOxford Book Company
_c2022
300 _a264p.
650 _aGEOGRAPHY
942 _cBK
999 _c48171
_d48171